Land Reforms (Record no. 14936)

MARC details
000 -LEADER
fixed length control field 00599nam a2200241 a 4500
020 ## - INTERNATIONAL STANDARD BOOK NUMBER
ISBN 9788131308899
082 00 - DEWEY DECIMAL CLASSIFICATION NUMBER
Classification number 333.3
Author Cutter PIL
100 ## - MAIN ENTRY--AUTHOR NAME
Author name Pillai, K Raman
245 ## - TITLE STATEMENT
Title Land Reforms
260 ## - PUBLICATION, DISTRIBUTION, ETC. (IMPRINT)
Place of publication New Delhi
Name of publisher A.P.H. Publishing Corporation
Year of publication 2010
300 ## - PHYSICAL DESCRIPTION
Number of Pages 327p
500 ## - GENERAL NOTE
General note includes index and biblioraphy
505 2# - FORMATTED CONTENTS NOTE
Formatted contents note Appendices
650 ## - SUBJECT ADDED ENTRY--TOPICAL TERM
Topical Term Land Reforms-India
942 ## - ADDED ENTRY ELEMENTS (KOHA)
Koha item type Books
700 1# -
-- Pillai, K Raman
Holdings
Collection code Home library Current library Date acquired Cost, normal purchase price Full call number Accession Number Koha item type
  Henry Martyn Institute Library Henry Martyn Institute Library 11/13/2013 1495.00 333.3 PIL 024188 Books
                   Copyright © 2026 | Henry Martyn Institute | Hyderabad | TS-500052 | INDIA | Implemented by hmi.edu.in
Hit-Count:

Powered by Koha